000 00386nam a2200157Ia 4500
008 221030s9999 xx 000 0 und d
020 _a8173192715
041 _aEnglish
082 _a105.23
_bJal
100 _aP. Jalote
245 3 _aAn Integrated Approach To Software Engineering
260 _bNarosa Pub.
_aNew Delhi
_c1997
300 _a497
650 _aBE Computer
942 _cBK
999 _c7486
_d7486